000 02387nam a2200349 4500
001 0000021100
003 CO-CtgCURN
005 20250331185229.0
007 ta
008 160627s2012 000 0 eng d
020 _a9788527721158
040 _aCO-CtgCURN
_bspa
_ccoctgcurn
082 0 _a617.692
_bO91
100 1 _aOttoni, Judith María Pinheiro.
245 1 0 _aManejo de tejidos :
_bposibilidades y realidad /
_cJudith María Pinheiro Ottoni , traductor, Marina Beatriz González , revisor, Facundo Caride , ilustrador, Daniel GuimarÆes.
260 _aRio de Janeiro :
_bGuanabara Koogan,
_c2012.
300 _a613 p.
336 _2rdacontent
337 _2rdamedia
_asin mediacion
_bn
338 _2rdacarrier
_avolumen
_bnc
500 _aIncluye indice y apendice.
504 _aIncluye bibliografia al final de cada capitulo.
505 8 _aInterfaz diente, implante y los tejidos circundantes -- Evaluacion estetica -- Recesion de los tejidos marginales -- Principios quirurgicos -- Instrumental quirurgico -- Cirugias periodontales basicas -- Selección de la zona dadora y remocion del injerto -- Aumento de tejido queratinizado / injerto de tejido palatino libre e injerto gingival libre -- Recubrimiento radicular con injertos pediculados -- Recubrimiento radicular con utilizacion de injerto de tejido de tejido conectivo e injertos alogenos -- Sonrisa gingival -- Tecnicas quirurgicas para preservacion y reconstrucción del reborde oseo alveolar -- Análisis y enfoque integrado de las alteraciones gingivales en areas esteticas -- Consideraciones quirurgicas para la orientacion ideal de los implantes en la region anterior de la maxila -- Tecnicas para el manejo de los tejidos blandos -- Exodoncias e instalacion inmediata de implantes dentales -- Protocolos de carga: convencional, temprana e inmediata -- Oclusion en protesis sobre implantes -- Tendencias tecnologicas para optimizar la estetica de los implantes oseointegrados
534 _aManipula Æo tecidual: possibilidades e realidade.
650 1 4 _aImplantes dentales.
700 1 _aGonzález, Marina Beatriz, traductor.
908 _a160627
942 _cBK
_h617.692
_iO91
_2ddc
999 _c23464
_d23464